00262nam a2200097 a 450000500170000000800410001705000180005824500400007665000090011665000390012520141022142000.0090305s19uu xx 00 eng d aVHSbC48 2004 aCirculatory III: Blood Transfusion. aVHS. aCirculatory III: Blood Transfusion